Statistics for Top Five Countries By Category #5

Click here to take the quiz!

General Stats

  • This quiz has been taken 33,755 times
    (27,693 since last reset)
  • The average score is 33 of 60

Answer Stats

Country % Correct
India
99%
United States
99%
China
98%
Japan
97%
Germany
96%
United Kingdom
96%
Australia
94%
Brazil
93%
Indonesia
87%
Canada
85%
Pakistan
85%
Nepal
85%
Syria
84%
United Arab Emirates
76%
Mexico
76%
Niger
72%
South Korea
72%
Spain
71%
Netherlands
71%
Nigeria
69%
Philippines
67%
Bhutan
65%
Afghanistan
65%
Switzerland
63%
Belgium
63%
Denmark
62%
South Sudan
61%
Iceland
59%
Colombia
59%
Soviet Union
57%
South Africa
56%
Austria
56%
Taiwan
55%
Saudi Arabia
53%
Sudan
51%
Myanmar
48%
Somalia
46%
Madagascar
45%
Ukraine
42%
Kosovo
40%
Serbia
34%
Panama
34%
Hungary
33%
Papua New Guinea
33%
Romania
33%
Tanzania
32%
East Timor
30%
Uganda
30%
Bulgaria
28%
Montenegro
27%
Tajikistan
22%
Kyrgyzstan
21%
Maldives
19%
Yugoslavia
16%
Lesotho
15%
Burundi
14%
Seychelles
12%
Solomon Islands
11%
Gambia
8%
São Tomé and Príncipe
8%

Score Distribution

Percentile by Number Answered

Percent of People with Each Score

Your Score History

You have not taken this quiz since the last reset